000 00442nam a2200157Ia 4500
008 231217s9999 xx 000 0 und d
041 _aEnglish
082 _a658.3 DOU;1 R
100 _aDoubs, Alex Human Technology
245 0 _aBuilding a team-based organization, private sector version
260 _c2004
_bJaico
_aMumbai
300 _av+A-4
500 _aContent page available
650 _aTeam-based,organization
942 _cAA
999 _c172911
_d172911